000 02539 a2200265 4500
999 _c11279
_d11279
020 _a9781449691509
050 _aRT82
_bROL 2014
245 _aRole development in professional nursing practice /
_cedited by Kathleen Masters
250 _aThird edition
264 _aBurlington, MA:
_bJones & Bartlett Learning;
_c2014
300 _axviii, 420 pages;
_billustrations
336 _2rdacontent
_atext
_btxt
337 _2rdamedia
_aunmediated
_bn
338 _2rdacarrier
_avolume
_bnc
500 _aIncludes bibliographical references and index
505 _aA history of health care and nursing -- Framework for professional nursing practice -- Philosophy of nursing -- Foundations of ethical nursing practice -- Social context of professional nursing -- Education and socialization to the professional nursing role -- Career management and care of the professional self -- The healthcare delivery system and the role of the professional nurse -- Critical thinking and clinical judgment in professional nursing -- Evidence-based professional nursing practice -- Ethical issues in professional nursing practice -- Law and the professional nurse -- The role of the professional nurse in patient education -- Informatics and technology in professional nursing practice -- Future directions in professional nursing practice
520 _aRole Development in Professional Nursing Practice, Third Edition examines the progression of the professional nursing role and provides students with a solid foundation for a successful career. This essential resource includes recommendations from current research and utilizes a comprehensive competency model as its framework. Key features: incorporates the Nurse of the Future (NOF): Nursing Core Competencies, based on the AACN's Essentials of Baccalaureate Education, the IOM's Future of Nursing report, and QSEN competencies, throughout the text; 'key competencies' highlight knowledge, skills, and attitudes (KSA) required of the professional nurse; includes new case studies and content congruent with recommendations from the Carnegie Foundation and the Institute of Medicine; provides updated information on evidence-based research, informatics, legal issues, the healthcare delivery system, and future directions" -- Cover p. [4]
650 _aNursing -- standards
650 _aNursing -- trends
650 _aNurse's Role
650 _aPhilosophy, Nursing
650 _aProfessional Practice
700 _aMasters, Kathleen
_eeditor
942 _2lcc
_cBK
_eThird edition
_h82
_iROL
_kRT